[Event "Porto Alegre U2400 op 2nd"]
[Site "Porto Alegre"]
[Date "2024.07.27"]
[Round "2"]
[White "Dagnino, Gabriel Alberton"]
[Black "Da Silva, Gabrielle Goncalves"]
[Result "1-0"]
[WhiteElo "1800"]
[BlackElo "1621"]
[PlyCount "103"]
[EventDate "2024.07.26"]
[EventType "swiss"]
[EventRounds "5"]
[EventCountry "BRA"]
[SourceTitle "EXT 2025"]
[Source "ChessBase"]
[SourceDate "2024.10.14"]
[SourceVersion "1"]
[SourceVersionDate "2024.10.14"]
[SourceQuality "1"]

1. c4 Nf6 2. Nf3 g6 3. Nc3 Bg7 4. d4 d6 5. e4 0-0 6. h3 e5 7. d5 Nbd7 8. b4 Nh5 9. Be3 f5 10. Ng5 Ndf6 11. Bd3 f4 12. Bc1 h6 13. Nf3 Nh7 14. c5 Ng5 15. h4 Nf7 16. a4 Bf6 17. c6 b6 18. a5 bxa5 19. bxa5 Bg4 20. Ba6 Bxh4 21. Bb7 Rb8 22. a6 Bxf2+ 23. Kxf2 Ng3 24. Re1 Ng5 25. Nb5 Bxf3 26. gxf3 N5xe4+ 27. Rxe4 Nxe4+ 28. fxe4 Qh4+ 29. Ke2 f3+ 30. Kd3 f2 31. Be3 f1Q+ 32. Qxf1 Rxf1 33. Rxf1 Qh3 34. Rg1 g5 35. Nxa7 Rf8 36. Bc8 Rxc8 37. Nxc8 Qxc8 38. Ra1 Kg7 39. a7 Qa8 40. Rb1 Qf8 41. Ke2 g4 42. Kd2 Qf3 43. a8Q Qxe4 44. Bxh6+ Kxh6 45. Qf8+ Kg5 46. Qg8+ Kh6 47. Rh1+ Qxh1 48. Qh8+ Kg5 49. Qxh1 Kf4 50. Ke2 e4 51. Qh2+ Kg5 52. Ke3 1-0

[Event "Porto Alegre U2400 op 2nd"]
[Site "Porto Alegre"]
[Date "2024.07.26"]
[Round "1"]
[White "Friedrich, Carlos Ernesto Gall"]
[Black "Dagnino, Gabriel Alberton"]
[Result "1-0"]
[WhiteElo "1741"]
[BlackElo "1800"]
[PlyCount "81"]
[EventDate "2024.07.26"]
[EventType "swiss"]
[EventRounds "5"]
[EventCountry "BRA"]
[SourceTitle "EXT 2025"]
[Source "ChessBase"]
[SourceDate "2024.10.14"]
[SourceVersion "1"]
[SourceVersionDate "2024.10.14"]
[SourceQuality "1"]

1. e4 e5 2. Nf3 Nc6 3. Bc4 Bc5 4. c3 Nf6 5. 0-0 d6 6. d4 Bb6 7. dxe5 dxe5 8. Qxd8+ Kxd8 9. Bxf7 Nxe4 10. Bg5+ Nxg5 11. Nxg5 h6 12. Ne4 Bf5 13. Nbd2 Rf8 14. Bd5 Ke7 15. Rae1 Rad8 16. Bxc6 bxc6 17. Nc4 Rd5 18. Nxb6 cxb6 19. f3 Bxe4 20. Rxe4 Ke6 21. Rfe1 Rf5 22. f4 b5 23. g4 Rf8 24. Rxe5+ Rxe5 25. Rxe5+ Kd6 26. Re4 c5 27. Kg2 g5 28. f5 Kd5 29. Kf3 h5 30. h3 h4 31. Re7 a5 32. Rg7 Ke5 33. Rxg5 Rd8 34. Ke3 Re8 35. Rg6 Kd5+ 36. Kf3 Re1 37. g5 Rf1+ 38. Kg4 Ke5 39. Re6+ Kd5 40. Re8 Rf2 41. f6 1-0